[Event "Titled Tuesday intern op 15th Sept"]
[Site "Chess.com INT"]
[Date "2020.09.15"]
[Round "1"]
[White "Markovits, Alex"]
[Black "Rozman, Levy"]
[Result "0-1"]
[WhiteElo "2153"]
[BlackElo "2343"]
[PlyCount "98"]
[EventDate "2020.09.15"]
[EventType "swiss (blitz)"]
[EventRounds "10"]
[EventCountry "USA"]
[SourceTitle "CBM 198 Extra"]
[Source "ChessBase"]
[SourceDate "2020.11.30"]
[SourceVersion "1"]
[SourceVersionDate "2020.11.30"]
[SourceQuality "1"]

1. e4 c6 2. Nc3 d5 3. Nf3 a6 4. d4 Bg4 5. h3 Bxf3 6. Qxf3 e6 7. Bd3 Nf6 8. e5 Nfd7 9. Ne2 c5 10. c3 Nc6 11. 0-0 g6 12. Be3 Bg7 13. Rac1 Ndxe5 14. dxe5 Nxe5 15. Qg3 Nxd3 16. Rcd1 c4 17. Nf4 Nxf4 18. Bxf4 0-0 19. Be5 b5 20. Bxg7 Kxg7 21. a3 a5 22. Rfe1 b4 23. Qe5+ Qf6 24. Qe3 bxa3 25. bxa3 Rab8 26. g3 Rb3 27. Rc1 Rxa3 28. h4 Rb3 29. h5 a4 30. h6+ Kg8 31. Rc2 a3 32. Kg2 Ra8 33. Ra1 g5 34. Rh1 Qf5 35. Ra2 Qe4+ 36. Qxe4 dxe4 37. Rc1 Rb2 38. Rca1 Rxa2 39. Rxa2 f5 40. f3 exf3+ 41. Kxf3 Kf7 42. g4 Kg6 43. gxf5+ exf5 44. Ke3 g4 45. Kd4 g3 46. Kxc4 Kg5 47. Kd3 Kg4 48. Ke3 f4+ 49. Ke4 f3 0-1

[Event "Titled Tuesday intern op 12th May"]
[Site "Chess.com INT"]
[Date "2020.05.12"]
[Round "8"]
[White "Grot, Blazej"]
[Black "Markovits, Alex"]
[Result "0-1"]
[WhiteElo "1768"]
[BlackElo "2153"]
[PlyCount "138"]
[EventDate "2020.05.12"]
[EventType "swiss (blitz)"]
[EventRounds "10"]
[EventCountry "USA"]
[SourceTitle "EXT 2021"]
[Source "ChessBase"]
[SourceDate "2020.10.23"]
[SourceVersion "1"]
[SourceVersionDate "2020.10.23"]
[SourceQuality "1"]

1. e4 c5 2. Nf3 g6 3. d4 cxd4 4. Nxd4 Bg7 5. c4 Nc6 6. Be3 Nf6 7. Nc3 0-0 8. Be2 d6 9. 0-0 Nxd4 10. Bxd4 Bd7 11. Rc1 Bc6 12. Qd2 e5 13. Be3 Nxe4 14. Nxe4 Bxe4 15. Rfd1 Bc6 16. Qxd6 Qh4 17. Qd2 Rad8 18. Qe1 f5 19. f3 Qxe1+ 20. Rxe1 a6 21. b3 e4 22. Rcd1 Be5 23. f4 Bc3 24. Rf1 Kf7 25. Bb6 Rxd1 26. Rxd1 Bf6 27. Kf2 Ke6 28. g3 Be7 29. c5 Bf6 30. Bc4+ Ke7 31. Bc7 Rc8 32. Bb6 Ke8 33. Rd6 Be7 34. Rd1 Bd8 35. Bf7+ Ke7 36. Bxd8+ Rxd8 37. Rxd8 Kxd8 38. Bg8 h6 39. Bh7 Be8 40. Bg8 Ke7 41. Ke3 Bf7 42. Bxf7 Kxf7 43. h3 Ke6 44. Kd4 Kd7 45. a4 a5 46. Ke3 Kc6 47. h4 Kxc5 48. g4 h5 49. gxf5 gxf5 50. Kd2 Kb4 51. Ke3 Kxb3 52. Kd4 Kxa4 53. Ke5 e3 54. Kxf5 e2 55. Kg6 e1Q 56. f5 Qxh4 57. f6 Qxf6+ 58. Kxf6 h4 59. Kg5 h3 60. Kg4 h2 61. Kg3 h1Q 62. Kg4 Qc6 63. Kg5 b5 64. Kh5 b4 65. Kh4 b3 66. Kh3 b2 67. Kg3 b1Q 68. Kh4 Qg1 69. Kh5 Qch1# 0-1

[Event "Titled Tuesday intern op 12th May"]
[Site "Chess.com INT"]
[Date "2020.05.12"]
[Round "6"]
[White "Kozelov, Roman"]
[Black "Markovits, Alex"]
[Result "1-0"]
[WhiteElo "2120"]
[BlackElo "2153"]
[PlyCount "125"]
[EventDate "2020.05.12"]
[EventType "swiss (blitz)"]
[EventRounds "10"]
[EventCountry "USA"]
[SourceTitle "EXT 2021"]
[Source "ChessBase"]
[SourceDate "2020.10.23"]
[SourceVersion "1"]
[SourceVersionDate "2020.10.23"]
[SourceQuality "1"]

1. e4 c5 2. Nf3 g6 3. Nc3 Bg7 4. Bc4 Nc6 5. d3 d6 6. a3 Nf6 7. h3 0-0 8. Bd2 a6 9. Qc1 b5 10. Ba2 b4 11. Nd5 e6 12. Ne3 bxa3 13. bxa3 Rb8 14. Rb1 Rxb1 15. Qxb1 Qc7 16. 0-0 Bd7 17. Nc4 Rb8 18. Qc1 Ne8 19. Bf4 Na5 20. Qd2 Nxc4 21. Bxc4 Bb5 22. Bb3 c4 23. Ba2 Qc6 24. Rb1 Rc8 25. d4 d5 26. e5 c3 27. Qe3 Bf8 28. Bh6 Bxa3 29. Ng5 Ng7 30. Bxg7 Kxg7 31. Qf4 Qd7 32. Qf6+ Kg8 33. Qf3 Qe7 34. h4 h6 35. Nh3 Qxh4 36. Rb3 Be7 37. Rxc3 Rxc3 38. Qxc3 Qe4 39. Bb3 Kg7 40. Kh1 Bh4 41. Kg1 Bg5 42. Qg3 Qe2 43. Nxg5 hxg5 44. Qxg5 Qf1+ 45. Kh2 Qxf2 46. Qg4 Bf1 47. Ba4 Be2 48. Qg3 Qxd4 49. Be8 Qg4 50. Qf2 Qh5+ 51. Kg1 Qg4 52. Qxf7+ Kh6 53. Qf8+ Kg5 54. Qf2 Bc4 55. Bf7 Qd1+ 56. Kh2 Qh5+ 57. Kg1 Qd1+ 58. Kh2 Qh5+ 59. Kg1 Qh4 60. Qf6+ Kg4 61. Qxg6+ Qg5 62. Bxe6+ Kf4 63. Qf6+ 1-0

[Event "Titled Tuesday intern op 7th April"]
[Site "Chess.com INT"]
[Date "2020.04.07"]
[Round "2"]
[White "Antolak, Julia"]
[Black "Markovits, Alex"]
[Result "1-0"]
[WhiteElo "2323"]
[BlackElo "2153"]
[PlyCount "99"]
[EventDate "2020.04.07"]
[EventType "swiss (blitz)"]
[EventRounds "10"]
[EventCountry "USA"]
[SourceTitle "EXT 2021"]
[Source "ChessBase"]
[SourceDate "2020.10.23"]
[SourceVersion "1"]
[SourceVersionDate "2020.10.23"]
[SourceQuality "1"]

1. e4 c5 2. Nf3 g6 3. d4 cxd4 4. Qxd4 Nf6 5. Nc3 Nc6 6. Qe3 Bg7 7. Bd2 0-0 8. h3 d6 9. 0-0-0 a6 10. Kb1 b5 11. Bd3 Bb7 12. h4 Ng4 13. Qe2 h5 14. Ng5 e6 15. f3 Nge5 16. Rdg1 b4 17. Nd1 Nxd3 18. cxd3 Nd4 19. Qf2 b3 20. a3 Rc8 21. Bc3 Nb5 22. Bxg7 Kxg7 23. Ne3 Nd4 24. g4 Rc2 25. Nxc2 bxc2+ 26. Ka1 Qb6 27. Qg3 Rc8 28. gxh5 Nb3+ 29. Ka2 c1Q 30. Rxc1 Nxc1+ 31. Rxc1 Rxc1 32. Qf4 Rc7 33. h6+ Kf8 34. Qf6 Ke8 35. h7 Kd7 36. h8Q Kc6 37. Qc3+ Qc5 38. Qxc5+ dxc5 39. Qe5 Kb6 40. Nxf7 Bc8 41. Nd6 Rc6 42. Nxc8+ Rxc8 43. Qxe6+ Rc6 44. Qe5 a5 45. f4 a4 46. f5 gxf5 47. exf5 c4 48. dxc4 Rxc4 49. f6 Re4 50. Qxe4 1-0

[Event "Titled Tuesday intern op 7th April"]
[Site "Chess.com INT"]
[Date "2020.04.07"]
[Round "8"]
[White "Markovits, Alex"]
[Black "Torres, Yelfry"]
[Result "1-0"]
[WhiteElo "2153"]
[BlackElo "2106"]
[PlyCount "79"]
[EventDate "2020.04.07"]
[EventType "swiss (blitz)"]
[EventRounds "10"]
[EventCountry "USA"]
[SourceTitle "EXT 2021"]
[Source "ChessBase"]
[SourceDate "2020.10.23"]
[SourceVersion "1"]
[SourceVersionDate "2020.10.23"]
[SourceQuality "1"]

1. e4 c5 2. c3 d5 3. exd5 Qxd5 4. d4 Nf6 5. Nf3 Bg4 6. Nbd2 cxd4 7. Bc4 Qd6 8. Qb3 Qb6 9. Bxf7+ Kd8 10. Nxd4 Qxb3 11. Bxb3 e5 12. Ne6+ Bxe6 13. Bxe6 Bd6 14. 0-0 Ke7 15. Bb3 Nc6 16. Nc4 Bc7 17. a4 Rae8 18. g3 Kd8 19. Be3 Kc8 20. a5 e4 21. a6 b6 22. Ba4 Re6 23. Bb3 Re7 24. Bg5 Rf8 25. Ne3 Ne5 26. Bxf6 Nf3+ 27. Kg2 Rxf6 28. Nd5 Rh6 29. Nxe7+ Kd7 30. h4 Kxe7 31. Bd5 Ne5 32. Bxe4 Kf6 33. Rad1 Ke7 34. Rfe1 Rf6 35. Bxh7 Kf8 36. Be4 Ng4 37. f4 Bd6 38. Bc6 Bc5 39. Rd8+ Kf7 40. Be8+ 1-0

[Event "Titled Tuesday intern op 7th Januar"]
[Site "Chess.com INT"]
[Date "2020.01.07"]
[Round "6"]
[White "Havanecz, Bianka"]
[Black "Markovits, Alex"]
[Result "1-0"]
[WhiteElo "2254"]
[BlackElo "2153"]
[PlyCount "87"]
[EventDate "2020.01.07"]
[EventType "swiss (blitz)"]
[EventRounds "10"]
[EventCountry "USA"]
[SourceTitle "EXT 2021"]
[Source "ChessBase"]
[SourceDate "2020.10.23"]
[SourceVersion "1"]
[SourceVersionDate "2020.10.23"]
[SourceQuality "1"]

1. Nf3 Nf6 2. e3 e6 3. c4 d5 4. b3 Be7 5. Bb2 0-0 6. Nc3 c5 7. Ne2 Nc6 8. Nf4 d4 9. exd4 cxd4 10. Nd3 e5 11. Nfxe5 Nxe5 12. Nxe5 Re8 13. Nd3 Ba3+ 14. Be2 Bxb2 15. Nxb2 d3 16. Nxd3 Qxd3 17. Kf1 Qd4 18. Bf3 Bf5 19. h3 h5 20. Bxb7 Rad8 21. Bf3 h4 22. Kg1 Re7 23. Rc1 Rde8 24. Kh2 Qxf2 25. Rf1 Qg3+ 26. Kh1 Be4 27. d4 Bxf3 28. Qxf3 Qxf3 29. Rxf3 Re1+ 30. Rf1 Rxf1+ 31. Rxf1 Ne4 32. Rc1 Ng3+ 33. Kh2 f5 34. d5 Kf7 35. c5 Ke7 36. b4 Kd7 37. a4 f4 38. b5 Re2 39. c6+ Kc8 40. d6 f3 41. d7+ Kc7 42. Rg1 f2 43. Rd1 f1Q 44. d8Q# 1-0

[Event "King's Island op"]
[Site "King's Island"]
[Date "2006.11.10"]
[Round "1"]
[White "Nienart, Christopher"]
[Black "Markovits, Alex"]
[Result "1/2-1/2"]
[WhiteElo "2218"]
[BlackElo "1920"]
[PlyCount "84"]
[EventDate "2006.11.10"]
[EventType "swiss"]
[EventRounds "5"]
[EventCountry "USA"]
[SourceTitle "CBM 115 Extra"]
[Source "ChessBase"]
[SourceDate "2007.01.10"]
[SourceVersion "1"]
[SourceVersionDate "2007.01.10"]
[SourceQuality "1"]

1. e4 c5 2. Nf3 Nc6 3. Nc3 g6 4. d4 cxd4 5. Nxd4 Bg7 6. Be3 Nf6 7. Bc4 d6 8. h3 0-0 9. Bb3 Bd7 10. 0-0 Rc8 11. Re1 Na5 12. Qd3 Bc6 13. Nxc6 Nxc6 14. Rad1 Qa5 15. Bd2 Qd8 16. Qb5 Rc7 17. Bg5 Qc8 18. Bxf6 Bxf6 19. Nd5 Bg7 20. Nxc7 Qxc7 21. c3 a6 22. Qd5 Be5 23. g3 Qb6 24. Kg2 g5 25. Qd2 h6 26. h4 Bf6 27. hxg5 Bxg5 28. f4 Bf6 29. Rh1 Kg7 30. Rh5 Rh8 31. Rdh1 Na5 32. f5 Nxb3 33. axb3 Qxb3 34. Rxh6 Rxh6 35. Rxh6 Qc4 36. Kf3 Qf1+ 37. Kg4 Kf8 38. Rh2 Qc4 39. Re2 Be5 40. Kf3 b5 41. Qd5 Qa4 42. Qa8+ Kg7 1/2-1/2